Statistics for Most Internet-using Countries in the World

Click here to take the quiz!

General Stats

  • This quiz has been taken 40 times
  • The average score is 17 of 20

Answer Stats

PlaceInternet usersCountry% Correct
1.1,051,140,000China
100%
18.59,470,000France
100%
13.77,794,405Germany
100%
8.129,800,000Russia
97%
3.311,300,000United States
97%
5.165,300,000Brazil
95%
2.836,860,000India
95%
11.92,010,000Mexico
95%
17.65,001,016United Kingdom
95%
10.117,400,000Japan
92%
4.196,000,000Indonesia
84%
20.49,421,084South Korea
79%
7.130,000,000Pakistan
76%
15.69,945,905Turkey
76%
6.136,203,231Nigeria
68%
14.73,003,313Philippines
68%
19.75,660,000Egypt
66%
9.126,210,000Bangladesh
63%
12.78,086,663Iran
63%
16.68,172,134Vietnam
53%

Score Distribution

Percentile by Number Answered

Percent of People with Each Score

Your Score History

You have not taken this quiz